Exploring Plants, Grades 2-4 / (Record no. 103919)
[ view plain ]
| 000 -LEADER | |
|---|---|
| fixed length control field | 00555nam a2200169 a 4500 |
| 005 - DATE AND TIME OF LATEST TRANSACTION | |
| control field | 20140412111310.0 |
| 008 - FIXED-LENGTH DATA ELEMENTS--GENERAL INFORMATION | |
| fixed length control field | 060117s19uu xx 00 eng d |
| 020 ## - INTERNATIONAL STANDARD BOOK NUMBER | |
| International Standard Book Number | 0-590-96372-4 |
| 050 ## - LIBRARY OF CONGRESS CALL NUMBER | |
| Classification number | TR(GS 581.3 |
| Item number | Ol 1997 |
| 100 ## - MAIN ENTRY--PERSONAL NAME | |
| Personal name | Olien, Rebecca |
| 245 ## - TITLE STATEMENT | |
| Title | Exploring Plants, Grades 2-4 / |
| Statement of responsibility, etc | Rebecca Ollien. |
| 260 ## - PUBLICATION, DISTRIBUTION, ETC. (IMPRINT) | |
| Place of publication, distribution, etc | New York : |
| Name of publisher, distributor, etc | Scholastic Inc., |
| Date of publication, distribution, etc | 1997. |
| 300 ## - PHYSICAL DESCRIPTION | |
| Extent | 72 p. ; ill. |
| 520 ## - SUMMARY, ETC. | |
| Summary, etc | Simple hands-on activities--Literature Links--Reproducibles-- Cross-Curriculum Projects. |
| 650 ## - SUBJECT ADDED ENTRY--TOPICAL TERM | |
| Topical term or geographic name as entry element | Sciences |
| General subdivision | Juvenile literature |
| Withdrawn status | Lost status | Damaged status | Home library | Current library | Shelving location | Date acquired | Source of acquisition | Cost, normal purchase price | Total Checkouts | Full call number | Barcode | Date last seen | Price effective from | Koha item type |
|---|---|---|---|---|---|---|---|---|---|---|---|---|---|---|
| Elizalde Library | Elizalde Library | Teachers Reference Section | 01/17/2006 | 319.00 | TR(GS 581.3 Ol 1997 | E6103 | 04/12/2014 | 04/12/2014 | Books |